| 000 | 00535nam a22001577a 4500 | ||
|---|---|---|---|
| 020 | _qHard Cover. | ||
| 082 | _a004 | ||
| 100 | _aAbdul Rafay. | ||
| 245 |
_aConfiguration Design, aerodynamics, and Flight Dynamics of a Generic Supersonic Projectile / _cRafay, Abdul |
||
| 260 |
_aIslamabad: _bRCMS-NUST, _c2021. |
||
| 300 |
_a74 p. ; _bill. ; _c30cm. |
||
| 650 |
_aMS-Computational Science and Engineering . _981456 |
||
| 700 |
_aDr. Adnan Maqsood. _920892 |
||
| 942 |
_2ddc _cTHE |
||
| 999 |
_c586426 _d586426 |
||